Polynomial approximation in several variables

Elmentve itt :
Bibliográfiai részletek
Szerző: Totik Vilmos
Dokumentumtípus: Cikk
Megjelent: 2020
Sorozat:JOURNAL OF APPROXIMATION THEORY 252
doi:10.1016/j.jat.2019.105364

mtmt:31902909
Online Access:http://publicatio.bibl.u-szeged.hu/21009
LEADER 00658nab a2200193 i 4500
001 publ21009
005 20210309152732.0
008 210309s2020 hu o 0|| zxx d
022 |a 0021-9045 
024 7 |a 10.1016/j.jat.2019.105364  |2 doi 
024 7 |a 31902909  |2 mtmt 
040 |a SZTE Publicatio Repozitórium  |b hun 
041 |a zxx 
100 1 |a Totik Vilmos 
245 1 0 |a Polynomial approximation in several variables  |h [elektronikus dokumentum] /  |c  Totik Vilmos 
260 |c 2020 
300 |a Terjedelem: 44-Azonosító: 105364 
490 0 |a JOURNAL OF APPROXIMATION THEORY  |v 252 
856 4 0 |u http://publicatio.bibl.u-szeged.hu/21009/1/apprall.pdf  |z Dokumentum-elérés